Länder nach Bevölkerungsbeschränkungen - Kachelauswahl - Statistiken

Allgemein
  • Dieses Quiz wurde 16.587 mal gespielt
  • Das Durchschnittsergebnis liegt bei 34 aus 48
Antwortstatistiken
Frage Kachel Select % Korrekt
mit einer Bevölkerung von mehr als 100 Millionen aus Griechenland Nein
99%
mit einer Bevölkerung von mehr als 100 Millionen aus Deutschland Nein
98%
mit einer Bevölkerung von mehr als 100 Millionen aus Peru Nein
97%
mit einer Bevölkerung von mehr als 100 Millionen aus Spanien Nein
97%
mit einer Bevölkerung von mehr als 100 Millionen aus Indien Ja
95%
mit einer Bevölkerung von mehr als 100 Millionen aus Vereinigte Staaten Ja
95%
mit einer Bevölkerung von mehr als 100 Millionen aus Frankreich Nein
94%
mit einer Bevölkerung von weniger als 1 Million aus Tunesien Nein
93%
mit einer Bevölkerung von mehr als 100 Millionen aus Irak Nein
92%
mit einer Bevölkerung von weniger als 1 Million aus San Marino Ja
90%
mit einer Bevölkerung von weniger als 1 Million aus Botswana Nein
89%
mit einer Bevölkerung von mehr als 100 Millionen aus Brasilien Ja
88%
mit einer Bevölkerung von weniger als 1 Million aus Monaco Ja
87%
mit einer Bevölkerung von weniger als 1 Million aus Litauen Nein
85%
mit einer Bevölkerung von weniger als 1 Million aus Eritrea Nein
83%
mit einer Bevölkerung von mehr als 100 Millionen aus Indonesien Ja
79%
mit einer Bevölkerung von weniger als 1 Million aus Nauru Ja
79%
mit einer Bevölkerung zwischen 10 und 100 Millionen aus Australien Ja
77%
mit einer Bevölkerung von weniger als 1 Million aus Jamaika Nein
77%
mit einer Bevölkerung zwischen 10 und 100 Millionen aus Katar Nein
77%
mit einer Bevölkerung von weniger als 1 Million aus Ruanda Nein
75%
mit einer Bevölkerung zwischen 1 und 10 Millionen aus St. Lucia Nein
75%
mit einer Bevölkerung von mehr als 100 Millionen aus Nigeria Ja
72%
mit einer Bevölkerung von mehr als 100 Millionen aus Pakistan Ja
72%
mit einer Bevölkerung zwischen 10 und 100 Millionen aus Armenien Nein
71%
mit einer Bevölkerung zwischen 1 und 10 Millionen aus Syrien Nein
70%
mit einer Bevölkerung zwischen 1 und 10 Millionen aus Irland Ja
69%
mit einer Bevölkerung zwischen 1 und 10 Millionen aus Dänemark Ja
68%
mit einer Bevölkerung zwischen 1 und 10 Millionen aus Rumänien Nein
67%
mit einer Bevölkerung von weniger als 1 Million aus Island Ja
66%
mit einer Bevölkerung zwischen 1 und 10 Millionen aus Chile Nein
63%
mit einer Bevölkerung zwischen 1 und 10 Millionen aus Costa Rica Ja
63%
mit einer Bevölkerung zwischen 10 und 100 Millionen aus Ghana Ja
63%
mit einer Bevölkerung zwischen 10 und 100 Millionen aus Mongolei Nein
59%
mit einer Bevölkerung zwischen 10 und 100 Millionen aus Niger Ja
59%
mit einer Bevölkerung zwischen 1 und 10 Millionen aus Malta Nein
58%
mit einer Bevölkerung zwischen 1 und 10 Millionen aus Singapur Ja
57%
mit einer Bevölkerung von weniger als 1 Million aus Bhutan Ja
52%
mit einer Bevölkerung von weniger als 1 Million aus Belize Ja
51%
mit einer Bevölkerung zwischen 1 und 10 Millionen aus Uruguay Ja
50%
mit einer Bevölkerung zwischen 10 und 100 Millionen aus Äthiopien Nein
49%
mit einer Bevölkerung zwischen 10 und 100 Millionen aus Japan Nein
48%
mit einer Bevölkerung zwischen 10 und 100 Millionen aus Mexiko Nein
48%
mit einer Bevölkerung zwischen 1 und 10 Millionen aus Suriname Nein
48%
mit einer Bevölkerung zwischen 10 und 100 Millionen aus Madagaskar Ja
37%
mit einer Bevölkerung zwischen 10 und 100 Millionen aus Sri Lanka Ja
36%
mit einer Bevölkerung zwischen 1 und 10 Millionen aus Libyen Ja
27%
mit einer Bevölkerung zwischen 10 und 100 Millionen aus Nepal Ja
25%
Keine übereinstimmenden Quizze gefunden
Verteilung der Resultate
Anzahl Personen mit jedem Resultat
Perzentil nach korrekt beantworteten Fragen
Ihre Resultats-Entwicklung
Sie haben dieses Quiz noch nicht gespielt